书目信息 |
| 题名: |
现代微生物学
|
|
| 作者: | 闻玉梅 , 陆德源 主编 | |
| 分册: | ||
| 出版信息: | 上海 上海医科大学出版社 1991.1 |
|
| 页数: | 230页 | |
| 开本: | 26cm | |
| 丛书名: | ||
| 单 册: | ||
| 中图分类: | R37 | |
| 科图分类: | ||
| 主题词: | 医药学:微生物学 , 微生物学 | |
| 电子资源: | ||
| ISBN: | 7-5627-0078-8 | |
| 000 | 00756nam0 2200241 45 | |
| 001 | 0191020417 | |
| 005 | 20060420093342.23 | |
| 010 | @a7-5627-0078-8@dCNY3.05 | |
| 100 | @a19910816d1991 ekmy0chiy0121 ea | |
| 101 | 0 | @achi |
| 102 | @aCN@b310000 | |
| 105 | @ay z 000yy | |
| 200 | 10 | @a现代微生物学@AXIAN DAI WEI SHENG WU XUE@f闻玉梅,陆德源主编@FWEN YU MEI , LU DE YUAN ZHU BIAN |
| 210 | @a上海@c上海医科大学出版社@d1991.1 | |
| 215 | @a230页@d26cm | |
| 330 | @a本书为供医学院校研究生使用的二级课程教材。本书侧重分子生物学和实用微生物学。 | |
| 606 | 0 | @a医药学:微生物学 |
| 606 | @a微生物学 | |
| 690 | @aR37 | |
| 701 | 0 | @a闻玉梅@AWEN YU MEI@4主编 |
| 701 | 0 | @a陆德源@ALU DE YUAN@4主编 |
| 801 | 0 | @aCN@bNLC@c20060420 |
| 905 | @f1@b238454@dR37@e46 | |
| 现代微生物学/闻玉梅,陆德源主编.-上海:上海医科大学出版社,1991.1 |
| 230页;26cm |
| ISBN 7-5627-0078-8:CNY3.05 |
| 本书为供医学院校研究生使用的二级课程教材。本书侧重分子生物学和实用微生物学。 |
| ● |
| 相关链接 |
|
|
|
|
正题名:现代微生物学
索取号:R37/46
 
预约/预借
| 序号 | 登录号 | 条形码 | 馆藏地/架位号 | 状态 | 备注 |
| 1 | 0238453 | 202269384 | 密集书库/ [索取号:R37/46] | 在馆 | |
| 2 | 0238454 | 000713400 | 密集书库/ [索取号:R37/46] | 在馆 | |
| 3 | 0238455 | 000713339 | 第二样本阅览室/ [索取号:R37/46] | 在馆 |